فهـرس مكتبـة معهد التخطيـط Institute of National Planning Catalog

Lessons of economic stabilization and its aftermath / (رقم التسجيلة. 18795)

تفاصيل مارك
000 -LEADER
fixed length control field 01716cam a2200421 a 4500
001 - CONTROL NUMBER
control field 4360966
003 - CONTROL NUMBER IDENTIFIER
control field OSt
005 - DATE AND TIME OF LATEST TRANSACTION
control field 20250903110949.0
008 - FIXED-LENGTH DATA ELEMENTS--GENERAL INFORMATION
fixed length control field 901029s1991 maua b 101 0 eng
010 ## - LIBRARY OF CONGRESS CONTROL NUMBER
LC control number 90022153
020 ## - INTERNATIONAL STANDARD BOOK NUMBER
International Standard Book Number 0262023245
020 ## - INTERNATIONAL STANDARD BOOK NUMBER
International Standard Book Number 9780262023245
035 ## - SYSTEM CONTROL NUMBER
System control number 4360966
040 ## - CATALOGING SOURCE
Original cataloging agency DLC
Transcribing agency DLC
Modifying agency DLC
-- OCoLC
043 ## - GEOGRAPHIC AREA CODE
Geographic area code cl-----
-- aw-----
-- e-yu---
050 00 - LIBRARY OF CONGRESS CALL NUMBER
Classification number HB3732
Item number .L47 1991
082 00 - DEWEY DECIMAL CLASSIFICATION NUMBER
Classification number 338.9
Edition number 20
245 00 - TITLE STATEMENT
Title Lessons of economic stabilization and its aftermath /
Statement of responsibility, etc. edited by Michael Bruno ... [et al.].
260 ## - PUBLICATION, DISTRIBUTION, ETC.
Place of publication, distribution, etc. Cambridge, Mass. :
Name of publisher, distributor, etc. MIT Press,
Date of publication, distribution, etc. 1991.
300 ## - PHYSICAL DESCRIPTION
Extent ix, 423 p. :
Other physical details ill. ;
Dimensions 24 cm.
336 ## - CONTENT TYPE
Content type term text
Content type code txt
Source rdacontent
337 ## - MEDIA TYPE
Media type term unmediated
Media type code n
Source rdamedia
338 ## - CARRIER TYPE
Carrier type term volume
Carrier type code nc
Source rdacarrier
500 ## - GENERAL NOTE
General note Papers from a conference held at the Mishkenot Shaʼananim Music Center in Jerusalem, Jan. 1990, and sponsored by the Bank of Israel and the Inter-American Development Bank.
504 ## - BIBLIOGRAPHY, ETC. NOTE
Bibliography, etc. note Includes bibliographical references and index.
650 #0 - SUBJECT ADDED ENTRY--TOPICAL TERM
Topical term or geographic name entry element Economic stabilization
General subdivision Congresses.
650 #0 - SUBJECT ADDED ENTRY--TOPICAL TERM
Topical term or geographic name entry element Economic stabilization
Geographic subdivision Latin America
General subdivision Congresses.
650 #0 - SUBJECT ADDED ENTRY--TOPICAL TERM
Topical term or geographic name entry element Economic stabilization
Geographic subdivision Israel
General subdivision Congresses.
650 #0 - SUBJECT ADDED ENTRY--TOPICAL TERM
Topical term or geographic name entry element Economic stabilization
Geographic subdivision Turkey
General subdivision Congresses.
650 #0 - SUBJECT ADDED ENTRY--TOPICAL TERM
Topical term or geographic name entry element Economic stabilization
Geographic subdivision Yugoslavia
General subdivision Congresses.
700 1# - ADDED ENTRY--PERSONAL NAME
Personal name Bruno, Michael.
710 2# - ADDED ENTRY--CORPORATE NAME
Corporate name or jurisdiction name as entry element Banḳ Yiśraʼel.
710 2# - ADDED ENTRY--CORPORATE NAME
Corporate name or jurisdiction name as entry element Inter-American Development Bank.
906 ## - LOCAL DATA ELEMENT F, LDF (RLIN)
a 7
b cbc
c orignew
d 1
e ocip
f 19
g y-gencatlg
942 ## - ADDED ENTRY ELEMENTS (KOHA)
Source of classification or shelving scheme Dewey Decimal Classification
Koha item type كتاب
المقتنيات
Withdrawn status Lost status Source of classification or shelving scheme Damaged status Not for loan Home library Current library Shelving location Date acquired Total Checkouts Full call number Barcode Date last seen Price effective from Koha item type
    Dewey Decimal Classification     Library INP Library INP Main Reading Hall 03/09/2025   338.9 024634 03/09/2025 03/09/2025 كتاب